Catálogo

LECTURAS PARA EL CURSO DE METODOLOGIA DE LA INVESTIGACION (Registro nro. 2246)

Detalles MARC
000 -LEADER
fixed length control field 00446nam a2200157 a 4500
001 - CONTROL NUMBER
control field 2246
005 - DATE AND TIME OF LATEST TRANSACTION
control field 20180713182236.0
008 - FIXED-LENGTH DATA ELEMENTS--GENERAL INFORMATION
fixed length control field 140415s1992 000 0 spa d
020 ## - INTERNATIONAL STANDARD BOOK NUMBER
International Standard Book Number 968240441X
041 ## - LANGUAGE CODE
Language code of text/sound track or separate title spa
082 ## - DEWEY DECIMAL CLASSIFICATION NUMBER
Classification number 300.018
Item number LEC
245 00 - TITLE STATEMENT
Title LECTURAS PARA EL CURSO DE METODOLOGIA DE LA INVESTIGACION
260 ## - PUBLICATION, DISTRIBUTION, ETC.
Place of publication, distribution, etc. [s.l.] :
Name of publisher, distributor, etc. TRILLAS,
Date of publication, distribution, etc. 1992
300 ## - PHYSICAL DESCRIPTION
Extent 267
650 14 - SUBJECT ADDED ENTRY--TOPICAL TERM
Topical term or geographic name entry element CIENCIAS SOCIALES_METODOLOGIA
General subdivision INVESTIGACION
Existencias
Withdrawn status Lost status Source of classification or shelving scheme Damaged status Not for loan Collection code Home library Current library Shelving location Date acquired Source of acquisition Inventory number Total Checkouts Full call number Barcode Date last seen Date last checked out Price effective from Koha item type
    Dewey Decimal Classification     General Biblioteca Karol Wojtyla Biblioteca Karol Wojtyla Sala general 03/12/2013 Compra 151000000000000000058268 1 300.018 LEC 37348 05/01/2026 24/01/2023 03/12/2013 Libro
    Dewey Decimal Classification     General Biblioteca Karol Wojtyla Biblioteca Karol Wojtyla Sala general 03/12/2013 Compra 151000000000000000058267   300.018 LEC 12922 05/01/2026   03/12/2013 Libro
    Dewey Decimal Classification     General Biblioteca Karol Wojtyla Biblioteca Karol Wojtyla Sala general 03/12/2013 Compra 151000000000000000058266   300.018 LEC 24095 05/01/2026   03/12/2013 Libro
    Dewey Decimal Classification     General Biblioteca Karol Wojtyla Biblioteca Karol Wojtyla Sala general 03/12/2013 Compra 151000000000000000058269 2 300.018 LEC 41044 05/01/2026 24/01/2023 03/12/2013 Libro